| 000 | nam a22 7a 4500 | ||
|---|---|---|---|
| 999 |
_c27122 _d27122 |
||
| 008 | 170207b xxu||||| |||| 00| 0 eng d | ||
| 050 | _aNK3620 .L613 1948 | ||
| 245 |
_aAdvanced style in lettering / _cedited by Jean Loisy |
||
| 260 |
_aNew York : _bSterling Pub. Co. , _c[1953] |
||
| 300 |
_a110p. : _bill. ; _c32cm. |
||
| 650 | _a Lettering. | ||
| 700 | _aLoisy,Jean | ||
| 942 |
_2lcc _cBOOKS _hNK3620 .L613 1948 |
||